FORENSIC MEDICINE & TOXICOLOGY QUIZ BOOK (Record no. 33263)

MARC details
000 -LEADER
fixed length control field 00320nam a22001457a 4500
003 - CONTROL NUMBER IDENTIFIER
control field SGT
020 ## - INTERNATIONAL STANDARD BOOK NUMBER
International Standard Book Number 9788119613816
082 ## - DEWEY DECIMAL CLASSIFICATION NUMBER
Classification number 614.1
Item number RED
100 ## - MAIN ENTRY--PERSONAL NAME
Personal name REDDY, Dr .N.S
245 ## - TITLE STATEMENT
Title FORENSIC MEDICINE & TOXICOLOGY QUIZ BOOK
260 ## - PUBLICATION, DISTRIBUTION, ETC. (IMPRINT)
Place of publication, distribution, etc INDIA
Name of publisher, distributor, etc IP PUB
Year of Publication 2024
300 ## - PAGE DESCRIPTION
No. of Pages 139
650 ## - SUBJECT ADDED ENTRY--TOPICAL TERM
Topical term or geographic name as entry element SCIENCE
942 ## - ADDED ENTRY ELEMENTS (KOHA)
Source of classification or shelving scheme Dewey Decimal Classification
Koha item type Books
Holdings
Withdrawn status Lost status Source of classification or shelving scheme Damaged status Not for loan Home library Current library Shelving location Date acquired Vendor Name Cost, normal purchase price SGTU Bill Number Full call number Accession No. (Barcode) Date last seen Bill Date Koha item type Total Checkouts
    Dewey Decimal Classification   Not For Loan SGT Science & Social Sciences Library SGT Science & Social Sciences Library Reference Book 07/01/2026 IP PUB DELHI 495.00 SGTU IPI/2025/SU/INS338/1 614.1 RED PS7431 07/01/2026   Books  
    Dewey Decimal Classification     SGT Science & Social Sciences Library SGT Science & Social Sciences Library   07/01/2026 IP PUB DELHI 495.00 SGTU IPI/2025/SU/INS338/1 614.1 RED PS7432 07/01/2026   Books  
    Dewey Decimal Classification     SGT Science & Social Sciences Library SGT Science & Social Sciences Library   07/01/2026 IP PUB DELHI 495.00 SGTU IPI/2025/SU/INS338/1 614.1 RED PS7433 07/01/2026   Books  
    Dewey Decimal Classification     SGT Science & Social Sciences Library SGT Science & Social Sciences Library   07/01/2026 IP PUB DELHI 495.00 SGTU IPI/2025/SU/INS338/1 614.1 RED PS7434 07/01/2026   Books  
    Dewey Decimal Classification     SGT Science & Social Sciences Library SGT Science & Social Sciences Library   07/01/2026 IP PUB DELHI 495.00 SGTU IPI/2025/SU/INS338/1 614.1 RED PS7435 07/01/2026   Books